000
00216 a2200097 4500
001
17951
100
_a
Pincherle, L
245
_a
Electronic energy bands in solids
260
_a
_b
Macdonald
_c
090
_c
13257
_d
13257
942
_a
NUST-CAE
_c
M
_c
3622
999
_c
253024
_d
253024